[Event "25th Abu Dhabi Master 2018"]
[Site "Abu Dhabi"]
[Date "2018.08.15"]
[Round "9"]
[White "Varshini, V."]
[Black "Mendonca, Leon Luke"]
[Result "0-1"]
[WhiteElo "2205"]
[BlackElo "2168"]
[Annotator "NA"]
[PlyCount "130"]
[EventDate "2018.08.05"]
[EventType "swiss"]
[EventCountry "UAE"]
[SourceTitle "playchess.com"]
[Source "ChessBase"]
[SourceQuality "1"]

1. e4 c5 2. Nf3 d6 3. d4 cxd4 4. Nxd4 Nf6 5. Nc3 g6 6. Be2 Bg7 7. Be3 O-O 8. O-O Nc6 9. Nb3 a6 10. f4 b5 11. Bf3 Bb7 12. Nd5 Nxd5 13. exd5 Na5 14. Nxa5 Qxa5 15. Bd4 Qb4 16. Bxg7 Kxg7 17. Qe1 Qxb2 18. Qxe7 Bxd5 19. Bxd5 Qd4+ 20. Kh1 Qxd5 21. Rfd1 Qf5 22. Qxd6 Qxc2 23. h3 Rfe8 24. Qd4+ Kg8 25. a4 Rab8 26. axb5 axb5 27. Qf6 Qf5 28. Qxf5 gxf5 29. Rd5 b4 30. Rb1 Re2 31. Rb3 Kf8 32. Rxf5 Ke7 33. Rg5 Re4 34. Rg7 Rc4 35. Rxh7 Rc3 36. Rb1 b3 37. Rh5 b2 38. Re5+ Kf6 39. Ree1 Rc2 40. Kh2 Rd8 41. Rg1 Rdd2 42. h4 Kf5 43. Rbf1 Kg4 44. h5 Rd5 45. f5 Rxf5 46. Rxf5 Kxf5 47. h6 Kg6 48. Rb1 Kxh6 49. Kg3 Kg5 50. Kf3 f5 51. g3 Rc3+ 52. Kf2 Rb3 53. Kg2 Kg4 54. Kf2 Rb4 55. Kg2 Rb5 56. Kf2 Rb3 57. Kg2 Rxg3+ 58. Kf1 Rb3 59. Kf2 f4 60. Kg2 Kf5 61. Kf2 Ke4 62. Ke2 f3+ 63. Kd2 f2 64. Ke2 Rb8 65. Kxf2 Kd3 0-1

[Event "25th Abu Dhabi Master 2018"]
[Site "Abu Dhabi"]
[Date "2018.08.15"]
[Round "9"]
[White "Bhambure, Shantanu"]
[Black "Rakesh Kumar Jena"]
[Result "0-1"]
[WhiteElo "2194"]
[BlackElo "2385"]
[Annotator "NA"]
[PlyCount "100"]
[EventDate "2018.08.05"]
[EventType "swiss"]
[EventCountry "UAE"]
[SourceTitle "playchess.com"]
[Source "ChessBase"]
[SourceQuality "1"]

1. d4 Nf6 2. c4 e6 3. Nf3 b6 4. a3 Ba6 5. e3 Be7 6. Be2 O-O 7. O-O Bb7 8. Nc3 d5 9. b4 Nbd7 10. c5 Ne4 11. Bb2 f5 12. Qc2 c6 13. Nxe4 fxe4 14. Ne5 Nxe5 15. dxe5 bxc5 16. bxc5 a5 17. Rab1 Ba6 18. Bxa6 Rxa6 19. Bd4 Qa8 20. Rb2 Bd8 21. Rfb1 Bc7 22. Qe2 Ra7 23. Qg4 Qc8 24. f4 exf3 25. gxf3 Qd7 26. f4 Raa8 27. a4 Rfb8 28. Kg2 Rxb2+ 29. Rxb2 Rb8 30. Rxb8+ Bxb8 31. Qe2 Qb7 32. Qg4 Qf7 33. Qg5 Bc7 34. Qg4 Bd8 35. Kg1 h5 36. Qg2 Qf5 37. Qb2 Qg4+ 38. Kf1 Qd1+ 39. Kg2 Bh4 40. Qa2 Kh7 41. h3 Qe1 42. Qc2+ g6 43. Qb2 Qg3+ 44. Kf1 Qxh3+ 45. Qg2 Qf5 46. Qb2 Qd3+ 47. Kg2 Kh6 48. Kh3 Qd1 49. Qg2 Be7 50. Qa2 Qh1+ 0-1

[Event "25th Abu Dhabi Master 2018"]
[Site "Abu Dhabi"]
[Date "2018.08.15"]
[Round "9"]
[White "Sahil, Tickoo"]
[Black "Saravana, Krishnan P"]
[Result "1/2-1/2"]
[WhiteElo "2192"]
[BlackElo "2348"]
[Annotator "NA"]
[PlyCount "159"]
[EventDate "2018.08.05"]
[EventType "swiss"]
[EventCountry "UAE"]
[SourceTitle "playchess.com"]
[Source "ChessBase"]
[SourceQuality "1"]

1. d4 Nf6 2. c4 c5 3. d5 b5 4. cxb5 a6 5. bxa6 Bxa6 6. Nc3 d6 7. e4 Bxf1 8. Kxf1 g6 9. Nf3 Nbd7 10. g3 Bg7 11. Kg2 O-O 12. a4 Qb6 13. Qe2 Ne8 14. Bg5 Nc7 15. Bxe7 Rfe8 16. Bg5 f5 17. Qc2 fxe4 18. Nxe4 Nxd5 19. Qd2 Qc6 20. Rad1 N5b6 21. Nxd6 Ne5 22. Qe3 Rf8 23. Bf4 Qxf3+ 24. Qxf3 Nxf3 25. Kxf3 g5 26. b3 gxf4 27. gxf4 Kh8 28. Rhe1 Bd4 29. Nb5 Nd5 30. Re4 Nf6 31. Re2 Nh5 32. Re4 Bg7 33. Nc7 Rab8 34. Ne6 Rxb3+ 35. Re3 Rfb8 36. Rd8+ Rxd8 37. Rxb3 Rc8 38. Nxc5 Nxf4 39. Nd7 Ne6 40. Rb8 Rxb8 41. Nxb8 Nc5 42. a5 Be5 43. Nc6 Bxh2 44. Ke3 Bc7 45. Kd4 Na6 46. Kc4 h5 47. Kd3 Kg7 48. Ke4 Kf6 49. f4 Nc5+ 50. Kf3 Kg6 51. Ne7+ Kf7 52. Nc6 Kf6 53. Kg3 Ne6 54. Kh4 Nxf4 55. a6 Bb6 56. Kg3 Ne6 57. a7 Nc7 58. Kh4 Ke6 59. Nb4 Bxa7 60. Kxh5 Kf5 61. Kh4 Bc5 62. Nd3 Bd6 63. Kh3 Ke4 64. Nf2+ Kf3 65. Nd3 Bg3 66. Nc5 Nd5 67. Ne6 Be5 68. Kh4 Bg3+ 69. Kg5 Ke4 70. Kg4 Bb8 71. Ng5+ Ke5 72. Nf3+ Kf6 73. Nd4 Ba7 74. Ne2 Ke5 75. Kf3 Nf6 76. Nf4 Kf5 77. Ne2 Nd7 78. Ng3+ Ke5 79. Ne2 Bd4 80. Nxd4 1/2-1/2

[Event "25th Abu Dhabi Master 2018"]
[Site "Abu Dhabi"]
[Date "2018.08.15"]
[Round "9"]
[White "Divya Deshmukh"]
[Black "Al-Hajiri, Bader"]
[Result "1-0"]
[WhiteElo "2172"]
[BlackElo "2120"]
[Annotator "NA"]
[PlyCount "104"]
[EventDate "2018.08.05"]
[EventType "swiss"]
[EventCountry "UAE"]
[SourceTitle "playchess.com"]
[Source "ChessBase"]
[SourceQuality "1"]

1. d4 d5 2. c4 e6 3. Nc3 Nf6 4. Nf3 Be7 5. g3 c6 6. Bg2 Nbd7 7. Qd3 O-O 8. O-O b6 9. e4 dxe4 10. Nxe4 Bb7 11. Nxf6+ Bxf6 12. Bf4 Qe7 13. Rfe1 Rfd8 14. Rad1 Rac8 15. h4 Nf8 16. Qc2 Ng6 17. Be3 Qf8 18. Qa4 a5 19. h5 Ne7 20. Qb3 Ba6 21. Qxb6 Bxc4 22. b3 Nd5 23. Qxa5 Ra8 24. Qd2 Ba6 25. Bg5 Bxg5 26. Nxg5 h6 27. Ne4 Qa3 28. Nc3 Nxc3 29. Qxc3 Bb5 30. Rd2 Ra7 31. Re5 Rad7 32. Rc5 Rd6 33. Bxc6 Bxc6 34. Rxc6 Rxc6 35. Qxc6 Qa5 36. Qc1 Qxh5 37. Rc2 Rxd4 38. Rd2 Re4 39. Kg2 Qe5 40. Qb2 Qc7 41. Qc2 Qxc2 42. Rxc2 f5 43. Rc7 Rb4 44. Kf3 g5 45. Ke3 h5 46. Ra7 Kf8 47. Rh7 h4 48. gxh4 Rxh4 49. Rxh4 gxh4 50. f4 Ke7 51. a4 Kd6 52. a5 Kd5 1-0

[Event "25th Abu Dhabi Master 2018"]
[Site "Abu Dhabi"]
[Date "2018.08.15"]
[Round "9"]
[White "Senthil Maran K"]
[Black "Kulkarni Bhakti"]
[Result "1-0"]
[WhiteElo "2167"]
[BlackElo "2312"]
[Annotator "NA"]
[PlyCount "101"]
[EventDate "2018.08.05"]
[EventType "swiss"]
[EventCountry "UAE"]
[SourceTitle "playchess.com"]
[Source "ChessBase"]
[SourceQuality "1"]

1. d4 d6 2. Nf3 Bg4 3. e4 Nf6 4. h3 Bh5 5. Bd3 e6 6. Nbd2 Be7 7. Nf1 Bg6 8. Ng3 d5 9. Qe2 dxe4 10. Nxe4 Nxe4 11. Bxe4 Bxe4 12. Qxe4 c6 13. Bd2 Nd7 14. O-O-O Nf6 15. Qe2 Qd5 16. Kb1 O-O 17. Rhe1 Rfd8 18. g4 Bf8 19. g5 Ne8 20. h4 c5 21. dxc5 Qxc5 22. h5 Rac8 23. Be3 Qf5 24. Rxd8 Rxd8 25. Bxa7 Ra8 26. Bd4 Nc7 27. h6 Qa5 28. Qc4 b5 29. Qb3 Rd8 30. c3 Qa8 31. Ne5 Qg2 32. Bb6 Rc8 33. Nxf7 Nd5 34. Nd8 Qxg5 35. Nxe6 Qf5+ 36. Ka1 Re8 37. Rd1 Qxe6 38. Rxd5 Kh8 39. hxg7+ Bxg7 40. Be3 Qg6 41. a3 Ra8 42. Rxb5 Qd6 43. Rb7 Rf8 44. Qb5 Rd8 45. Qh5 Qd3 46. Qb5 Qc2 47. Rb8 Qd1+ 48. Ka2 Qd6 49. Rxd8+ Qxd8 50. a4 Qg8+ 51. c4 1-0

[Event "25th Abu Dhabi Master 2018"]
[Site "Abu Dhabi"]
[Date "2018.08.15"]
[Round "9"]
[White "Esenbek Uulu, Ilimbek"]
[Black "Hejazipour, Mitra"]
[Result "1-0"]
[WhiteElo "2159"]
[BlackElo "2285"]
[Annotator "NA"]
[PlyCount "83"]
[EventDate "2018.08.05"]
[EventType "swiss"]
[EventCountry "UAE"]
[SourceTitle "playchess.com"]
[Source "ChessBase"]
[SourceQuality "1"]

1. d4 Nf6 2. c4 e6 3. Nf3 d5 4. Nc3 Bb4 5. Qa4+ Nc6 6. cxd5 exd5 7. Ne5 Bd7 8. Nxc6 Bxc3+ 9. bxc3 Bxc6 10. Qb3 Ne4 11. g3 h5 12. h4 O-O 13. Bg2 Re8 14. O-O a5 15. Bf4 a4 16. Qc2 Bb5 17. Rfe1 Qd7 18. f3 Nd6 19. e4 Bc4 20. Kh2 a3 21. Bh3 Qb5 22. e5 Qb2 23. Qd2 Nb5 24. Rac1 Qxd2+ 25. Bxd2 c6 26. Rc2 Nc7 27. Bc1 b6 28. Bd7 Re7 29. Bxc6 Ra7 30. Be3 Ne6 31. Rb1 Bd3 32. Rcc1 Bxb1 33. Rxb1 Ra5 34. Rxb6 Rc7 35. c4 dxc4 36. d5 Nf8 37. Bd2 Raa7 38. Rb8 Ra6 39. Bb4 Raxc6 40. Rxf8+ Kh7 41. dxc6 Rxc6 42. Rxf7 1-0

[Event "25th Abu Dhabi Master 2018"]
[Site "Abu Dhabi"]
[Date "2018.08.15"]
[Round "9"]
[White "Ajay Karthikeyan"]
[Black "Mansour, Sameer"]
[Result "1-0"]
[WhiteElo "2156"]
[BlackElo "2275"]
[Annotator "NA"]
[PlyCount "61"]
[EventDate "2018.08.05"]
[EventType "swiss"]
[EventCountry "UAE"]
[SourceTitle "playchess.com"]
[Source "ChessBase"]
[SourceQuality "1"]

1. d4 Nf6 2. Bf4 d6 3. Nf3 g6 4. Nc3 Bg7 5. e4 O-O 6. Qd2 c6 7. O-O-O b5 8. Bd3 Bg4 9. Ne2 Nbd7 10. Bh6 Nb6 11. e5 Nfd5 12. h4 Bxf3 13. gxf3 dxe5 14. h5 Bf6 15. dxe5 Bxe5 16. Rdg1 Nc4 17. Bxc4 bxc4 18. c3 Qa5 19. f4 Bf6 20. Bxf8 Kxf8 21. hxg6 hxg6 22. a3 e6 23. Nd4 Ne7 24. f5 Nxf5 25. Nxe6+ Ke7 26. Rh7 Rh8 27. Re1 Rxh7 28. Ng5+ Kf8 29. Nxh7+ Kg7 30. Nxf6 Kxf6 31. Re8 1-0

[Event "25th Abu Dhabi Master 2018"]
[Site "Abu Dhabi"]
[Date "2018.08.15"]
[Round "9"]
[White "Thompson, Ian D"]
[Black "Panda Sambit"]
[Result "0-1"]
[WhiteElo "2156"]
[BlackElo "2043"]
[Annotator "NA"]
[PlyCount "72"]
[EventDate "2018.08.05"]
[EventType "swiss"]
[EventCountry "UAE"]
[SourceTitle "playchess.com"]
[Source "ChessBase"]
[SourceQuality "1"]

1. c4 e6 2. Nc3 d5 3. d4 Nf6 4. cxd5 exd5 5. Bg5 Be7 6. e3 c6 7. Bd3 Nbd7 8. Qc2 O-O 9. Nge2 Re8 10. O-O Nf8 11. a3 a5 12. Bxf6 Bxf6 13. b4 b5 14. Rfb1 axb4 15. axb4 Rxa1 16. Rxa1 Be7 17. Na2 Bd7 18. Nec1 Bd6 19. Nb3 Re6 20. g3 Rh6 21. Nc5 Bg4 22. Nb7 Qf6 23. Nxd6 Rxh2 24. Nf5 Rh5 25. Nh4 g5 26. Bf5 Rxh4 27. gxh4 Bxf5 28. Qe2 Ng6 29. h5 Nh4 30. f3 Bh3 31. Kh2 Qf5 32. Kg3 Bg2 33. f4 Qh3+ 34. Kf2 Bf3 35. Qf1 Qh2+ 36. Ke1 Qb2 0-1

[Event "25th Abu Dhabi Master 2018"]
[Site "Abu Dhabi"]
[Date "2018.08.15"]
[Round "9"]
[White "Michelle Catherina, P."]
[Black "Kushagra Mohan"]
[Result "0-1"]
[WhiteElo "2153"]
[BlackElo "2270"]
[Annotator "NA"]
[PlyCount "78"]
[EventDate "2018.08.05"]
[EventType "swiss"]
[EventCountry "UAE"]
[SourceTitle "playchess.com"]
[Source "ChessBase"]
[SourceQuality "1"]

1. e4 e5 2. Nf3 Nc6 3. Bb5 a6 4. Ba4 Nf6 5. O-O Nxe4 6. d4 b5 7. Bb3 d5 8. dxe5 Be6 9. Nbd2 Nc5 10. c3 g6 11. Bc2 Bg7 12. Re1 O-O 13. Nb3 Nxb3 14. Bxb3 Na5 15. Bc2 c5 16. Bf4 Qd7 17. b4 cxb4 18. cxb4 Nc6 19. Qd2 Rac8 20. Bb3 d4 21. Bxe6 fxe6 22. a3 Rf5 23. Rad1 Rd8 24. Rc1 d3 25. Bg5 Rdf8 26. Rc5 Rxf3 27. gxf3 Nd4 28. Re3 Nxf3+ 29. Rxf3 Rxf3 30. Be3 Rf5 31. Qc3 h5 32. f4 h4 33. Rc8+ Kh7 34. Rc7 Qd5 35. Qe1 h3 36. Qh4+ Rh5 37. Rxg7+ Kh8 38. Rh7+ Rxh7 39. Qf6+ Kg8 0-1

[Event "25th Abu Dhabi Master 2018"]
[Site "Abu Dhabi"]
[Date "2018.08.15"]
[Round "9"]
[White "Ivana Maria, Furtado"]
[Black "Rakshitta Ravi"]
[Result "1/2-1/2"]
[WhiteElo "2146"]
[BlackElo "2198"]
[Annotator "NA"]
[PlyCount "33"]
[EventDate "2018.08.05"]
[EventType "swiss"]
[EventCountry "UAE"]
[SourceTitle "playchess.com"]
[Source "ChessBase"]
[SourceQuality "1"]

1. Nf3 Nf6 2. d4 e6 3. c4 d5 4. g3 Be7 5. Bg2 O-O 6. O-O dxc4 7. Ne5 Nc6 8. Nxc6 bxc6 9. Bxc6 Rb8 10. Nc3 Bb7 11. Bxb7 Rxb7 12. e4 c5 13. d5 exd5 14. e5 Ne4 15. Qxd5 Qxd5 16. Nxd5 Rd8 17. Rd1 1/2-1/2

[Event "25th Abu Dhabi Master 2018"]
[Site "Abu Dhabi"]
[Date "2018.08.15"]
[Round "9"]
[White "Moayed, Obied"]
[Black "Al-Zaabi, Sultan"]
[Result "1-0"]
[WhiteElo "2146"]
[BlackElo "1945"]
[Annotator "NA"]
[PlyCount "79"]
[EventDate "2018.08.05"]
[EventType "swiss"]
[EventCountry "UAE"]
[SourceTitle "playchess.com"]
[Source "ChessBase"]
[SourceQuality "1"]

1. d4 Nf6 2. c4 e6 3. Nc3 c5 4. d5 exd5 5. cxd5 d6 6. e4 g6 7. Nf3 Bg7 8. Be2 O-O 9. O-O Re8 10. Nd2 a6 11. a4 Nbd7 12. a5 b5 13. axb6 Nxb6 14. Re1 Bh6 15. Qc2 Ng4 16. Nf3 Bxc1 17. Raxc1 f5 18. exf5 Bxf5 19. Bd3 Qf6 20. Bxf5 gxf5 21. Qb3 Nd7 22. Re6 Rxe6 23. dxe6 Nde5 24. e7+ Kg7 25. Nd5 Qh6 26. Qc3 Kf7 27. Nxe5+ Nxe5 28. Re1 Re8 29. h3 Qg7 30. Qe3 Qg6 31. Qf4 h5 32. Re3 a5 33. Qh4 c4 34. Rg3 Qh6 35. Rg5 Ng6 36. Rxf5+ Ke6 37. Qe4+ Ne5 38. Nc7+ Kxe7 39. Nxe8 Kxe8 40. f4 1-0

[Event "25th Abu Dhabi Master 2018"]
[Site "Abu Dhabi"]
[Date "2018.08.15"]
[Round "9"]
[White "Sultan, Ibrahim"]
[Black "Srinivasa Rao, M.."]
[Result "1-0"]
[WhiteElo "2140"]
[BlackElo "2160"]
[Annotator "NA"]
[PlyCount "94"]
[EventDate "2018.08.05"]
[EventType "swiss"]
[EventCountry "UAE"]
[SourceTitle "playchess.com"]
[Source "ChessBase"]
[SourceQuality "1"]

1. d4 Nf6 2. c4 c5 3. d5 g6 4. Nc3 Bg7 5. Nf3 O-O 6. h3 e6 7. e4 exd5 8. exd5 Re8+ 9. Be3 Ne4 10. Nxe4 Rxe4 11. Bd3 Re8 12. Qd2 d6 13. O-O Nd7 14. Rae1 a6 15. Bg5 f6 16. Bh6 Ne5 17. Nxe5 dxe5 18. Bxg7 Kxg7 19. f4 Qd6 20. fxe5 Rxe5 21. Rxe5 Qxe5 22. Re1 Qd4+ 23. Kh2 Bf5 24. Re7+ Kf8 25. Rxh7 Bxd3 26. Rh8+ Ke7 27. Rxa8 Bxc4 28. Qe1+ Qe5+ 29. Qxe5+ fxe5 30. Rg8 Bxd5 31. Rxg6 Bxa2 32. h4 Kf7 33. Rb6 Bd5 34. b3 Bc6 35. g4 Kf6 36. Kg3 Kg6 37. Kf2 Kf6 38. Ke3 Kg6 39. Kd3 Kf6 40. h5 Kg5 41. Ke3 Kf6 42. h6 Kg6 43. g5 Kh7 44. Rxc6 bxc6 45. Ke4 c4 46. bxc4 c5 47. Kxe5 a5 1-0

[Event "25th Abu Dhabi Master 2018"]
[Site "Abu Dhabi"]
[Date "2018.08.15"]
[Round "9"]
[White "Jeet, Jain"]
[Black "Hamidi, Amir Mohammad"]
[Result "1-0"]
[WhiteElo "2136"]
[BlackElo "2299"]
[Annotator "NA"]
[PlyCount "87"]
[EventDate "2018.08.05"]
[EventType "swiss"]
[EventCountry "UAE"]
[SourceTitle "playchess.com"]
[Source "ChessBase"]
[SourceQuality "1"]

1. e4 e6 2. d4 d5 3. Nc3 Nf6 4. e5 Nfd7 5. Nce2 c5 6. f4 Nc6 7. Nf3 cxd4 8. Nexd4 Nc5 9. c3 Ne4 10. a3 Qb6 11. Bd3 Bd7 12. Qe2 Bc5 13. Be3 Rc8 14. O-O O-O 15. Kh1 a5 16. Rfd1 Nxd4 17. Nxd4 a4 18. Rf1 f6 19. exf6 Rxf6 20. Rab1 Rcf8 21. b4 Bd6 22. Bxe4 dxe4 23. Nxe6 Qc6 24. Nxf8 Bxf8 25. Bd4 Rh6 26. Rfe1 Be6 27. Qe3 Qd5 28. Be5 Qd8 29. Rbd1 Qh4 30. f5 Bxf5 31. Rf1 Rh5 32. Bg3 Qf6 33. c4 Qe6 34. c5 Be7 35. Qf4 h6 36. Rde1 Bf6 37. Qd6 Qb3 38. Be5 Bh3 39. Rxf6 gxf6 40. Qd8+ Kf7 41. Qxf6+ Ke8 42. gxh3 Rg5 43. Bg3 Qd5 44. Qh8+ 1-0

[Event "25th Abu Dhabi Master 2018"]
[Site "Abu Dhabi"]
[Date "2018.08.15"]
[Round "9"]
[White "Al Hosani, Omran"]
[Black "Eric, Jovana"]
[Result "1/2-1/2"]
[WhiteElo "2135"]
[BlackElo "2307"]
[Annotator "NA"]
[PlyCount "206"]
[EventDate "2018.08.05"]
[EventType "swiss"]
[EventCountry "UAE"]
[SourceTitle "playchess.com"]
[Source "ChessBase"]
[SourceQuality "1"]

1. Nf3 d6 2. d4 Nc6 3. d5 Nb8 4. e4 Nf6 5. Bd3 g6 6. O-O Bg7 7. c4 Nbd7 8. Nc3 O-O 9. Bd2 Nc5 10. Bc2 a5 11. Qc1 Bg4 12. Bh6 Bxf3 13. gxf3 Nh5 14. Bxg7 Kxg7 15. f4 e6 16. Qe3 Qh4 17. Ne2 Rae8 18. Kh1 Kg8 19. Qf3 exd5 20. cxd5 Re7 21. Rg1 Rfe8 22. Rg4 Qf6 23. Nc3 b5 24. Re1 b4 25. Na4 Nd7 26. Re3 Qd4 27. Rg1 Kh8 28. f5 Ne5 29. Qh3 Nc4 30. Rd1 Qe5 31. Rf3 Nf6 32. Re1 Nxd5 33. Bb3 Qd4 34. Rd3 Qxf2 35. Rf1 Qe2 36. exd5 Re3 37. Rxe3 Nxe3 38. Rg1 Nxf5 39. Bd1 Qb5 40. b3 Re3 41. Qg2 Nh4 42. Qg5 Nf5 43. Qf6+ Kg8 44. Qxf5 Kh8 45. Qf6+ Kg8 46. Qd4 Qe8 47. Nb2 Re4 48. Qf2 Qe5 49. Nc4 Qc3 50. Bf3 Rf4 51. Rg3 a4 52. Nd2 Qa1+ 53. Rg1 Qxa2 54. Qe3 Rf5 55. Qd3 Rf4 56. Qe3 Rf5 57. bxa4 Qxa4 58. Qd4 Qe8 59. Be4 Rf4 60. Qe3 Qe5 61. Re1 Qf6 62. Nf3 Rg4 63. h3 Rf4 64. Nd2 Kg7 65. Bg2 Qh4 66. Rf1 Rxf1+ 67. Bxf1 Qf6 68. Bg2 Qa1+ 69. Bf1 h5 70. Kg1 Qb2 71. Nb3 Kg8 72. Nd4 Qa2 73. Bg2 Qa7 74. Kf2 Qc5 75. Nb3 Qc2+ 76. Kg3 h4+ 77. Kh2 Qb2 78. Qe8+ Kg7 79. Qe3 Kg8 80. Nd2 Qf6 81. Qe8+ Kg7 82. Qe4 Qf2 83. Nf3 Qg3+ 84. Kg1 b3 85. Qd4+ Kg8 86. Qc3 g5 87. Qxb3 g4 88. hxg4 h3 89. Qb8+ Kg7 90. Qb2+ Kg8 91. Qf2 Qxg4 92. Kh2 hxg2 93. Qxg2 f5 94. Nd4 Kf7 95. Qxg4 fxg4 96. Kg3 Kf6 97. Nc6 Kf5 98. Ne7+ Kf6 99. Nc6 Kf5 100. Ne7+ Kf6 101. Nc6 Kf5 102. Nb4 Ke4 103. Kxg4 Ke5 1/2-1/2

[Event "25th Abu Dhabi Master 2018"]
[Site "Abu Dhabi"]
[Date "2018.08.15"]
[Round "9"]
[White "Srihari L R"]
[Black "Daneshvar, Bardiya"]
[Result "0-1"]
[WhiteElo "2135"]
[BlackElo "2290"]
[Annotator "NA"]
[PlyCount "86"]
[EventDate "2018.08.05"]
[EventType "swiss"]
[EventCountry "UAE"]
[SourceTitle "playchess.com"]
[Source "ChessBase"]
[SourceQuality "1"]

1. d4 d5 2. c4 c6 3. Nf3 Nf6 4. Qc2 dxc4 5. e4 b5 6. b3 cxb3 7. axb3 g6 8. Bd2 Bg7 9. Ba5 Qd7 10. Nc3 O-O 11. b4 e5 12. dxe5 Ng4 13. Be2 Nxe5 14. Rd1 Nxf3+ 15. Bxf3 Qe7 16. O-O Nd7 17. Be2 Nb6 18. Rfe1 Be6 19. g3 Bc4 20. Bg4 h5 21. Bh3 Qe5 22. Re3 Rad8 23. Rde1 Rfe8 24. f4 Qd4 25. e5 Bd3 26. Qc1 Nc4 27. Bxd8 Rxd8 28. Bg2 Nxe3 29. Rxe3 Bf8 30. Kh1 Bxb4 31. Na2 Ba3 32. Qe1 Bc5 33. Rxd3 Qxd3 34. Bxc6 Qd1 35. Qxd1 Rxd1+ 36. Kg2 Rd2+ 37. Kh3 Rxa2 38. Bxb5 Bg1 39. Kh4 Rxh2+ 40. Kg5 Kg7 41. g4 h4 42. Bf1 Bb6 43. f5 Be3# 0-1

[Event "25th Abu Dhabi Master 2018"]
[Site "Abu Dhabi"]
[Date "2018.08.15"]
[Round "9"]
[White "Hakobyan, Eduard"]
[Black "Mohota, Nisha"]
[Result "0-1"]
[WhiteElo "2134"]
[BlackElo "2268"]
[Annotator "NA"]
[PlyCount "78"]
[EventDate "2018.08.05"]
[EventType "swiss"]
[EventCountry "UAE"]
[SourceTitle "playchess.com"]
[Source "ChessBase"]
[SourceQuality "1"]

1. e4 e5 2. Nf3 Nc6 3. Bc4 Nf6 4. d3 Bc5 5. c3 d6 6. Bg5 h6 7. Bh4 g5 8. Bg3 a6 9. a3 Qe7 10. Nbd2 Be6 11. O-O Ba7 12. Bxe6 fxe6 13. Qe2 O-O-O 14. b4 Nh5 15. a4 Nxg3 16. hxg3 h5 17. b5 Nb8 18. Kh2 Rdf8 19. Nc4 Qf6 20. b6 Bxb6 21. Nxb6+ cxb6 22. Qe3 h4 23. Qxg5 hxg3+ 24. Kg1 gxf2+ 25. Rxf2 Qxg5 26. Nxg5 Rxf2 27. Kxf2 Rg8 28. Nf3 Nd7 29. Rh1 Nc5 30. Ke3 Rxg2 31. Rh8+ Kc7 32. Rh7+ Kb8 33. Rh8+ Ka7 34. Rd8 Nxa4 35. Rxd6 Nxc3 36. Nxe5 b5 37. Rxe6 b4 38. Kd4 Nb5+ 39. Kc4 b3 0-1

[Event "25th Abu Dhabi Master 2018"]
[Site "Abu Dhabi"]
[Date "2018.08.15"]
[Round "9"]
[White "Mohamed Faisal"]
[Black "Gajwa Ankit"]
[Result "0-1"]
[WhiteElo "2134"]
[BlackElo "2223"]
[Annotator "NA"]
[PlyCount "108"]
[EventDate "2018.08.05"]
[EventType "swiss"]
[EventCountry "UAE"]
[SourceTitle "playchess.com"]
[Source "ChessBase"]
[SourceQuality "1"]

1. e4 c5 2. Nc3 Nc6 3. g3 g6 4. Bg2 Bg7 5. d3 d6 6. f4 e6 7. Nf3 Nge7 8. O-O O-O 9. Be3 Nd4 10. Qd2 Rb8 11. Rab1 b6 12. Ne2 Nxf3+ 13. Bxf3 Bb7 14. d4 cxd4 15. Nxd4 e5 16. Ne2 d5 17. exd5 Bxd5 18. fxe5 Bxf3 19. Rxf3 Qxd2 20. Bxd2 Bxe5 21. Bc3 Nc6 22. Bxe5 Nxe5 23. Ra3 Rbd8 24. Nf4 Rd2 25. Re3 f6 26. c3 Rfd8 27. h3 Rc2 28. Ng2 Rdd2 29. Ne1 Rxb2 30. Rxb2 Rxb2 31. Nd3 Nxd3 32. Rxd3 Rxa2 33. Rd7 f5 34. h4 a5 35. Rb7 Rb2 36. c4 a4 37. Ra7 Rb4 38. Ra6 Rxc4 39. Rxb6 Rc2 40. Ra6 Ra2 41. Ra7 a3 42. Kf1 Ra1+ 43. Kf2 a2 44. Kg2 h6 45. h5 gxh5 46. Ra8+ Kf7 47. Ra7+ Kg6 48. Ra6+ Kg5 49. Ra8 h4 50. gxh4+ Kxh4 51. Ra6 f4 52. Ra4 Kg5 53. Ra5+ Kf6 54. Ra4 f3+ 0-1

[Event "25th Abu Dhabi Master 2018"]
[Site "Abu Dhabi"]
[Date "2018.08.15"]
[Round "9"]
[White "Bartakke, Amardeep S"]
[Black "Samhouri, A."]
[Result "0-1"]
[WhiteElo "2133"]
[BlackElo "2348"]
[Annotator "NA"]
[PlyCount "200"]
[EventDate "2018.08.05"]
[EventType "swiss"]
[EventCountry "UAE"]
[SourceTitle "playchess.com"]
[Source "ChessBase"]
[SourceQuality "1"]

1. e4 c5 2. Nf3 e6 3. d4 cxd4 4. Nxd4 Nc6 5. Nc3 Qc7 6. Be3 Nf6 7. Qf3 a6 8. O-O-O Nxd4 9. Bxd4 Bd6 10. Kb1 Be5 11. g3 b5 12. Bg2 Bb7 13. Qe2 Bxd4 14. Rxd4 e5 15. Rd2 O-O 16. g4 b4 17. Nd1 d6 18. g5 Nd7 19. Ne3 Nc5 20. Nf5 Ne6 21. Qd1 Nxg5 22. Nxd6 Ne6 23. Bh3 Nd4 24. Nxb7 Qxb7 25. f4 Nb5 26. Qf3 exf4 27. Rd7 Qc6 28. Qxf4 Rae8 29. Re1 f5 30. Bxf5 Qxd7 31. Bxd7 Rxf4 32. Bxe8 Nc7 33. Bd7 Rf2 34. h3 Kf7 35. Kc1 h5 36. Kd1 Ke7 37. Bf5 Kf6 38. Re2 Rf1+ 39. Kd2 Ra1 40. b3 Rxa2 41. Rg2 g5 42. Rg3 Nb5 43. Rd3 Na3 44. Rd6+ Ke5 45. Rc6 Kf4 46. Kd3 Nb5 47. Bc8 a5 48. Rc5 Nd6 49. Bd7 Ra1 50. e5 Ne4 51. Rd5 Nc3 52. Rd4+ Kxe5 53. Kc4 Rc1 54. Rd2 Ne4 55. Re2 Kf4 56. Bc6 Nc3 57. Rf2+ Ke5 58. Bd7 Rd1 59. Rf5+ Ke4 60. Be6 Rd6 61. Bc8 Rd8 62. Be6 Rd6 63. Bc8 Rd4+ 64. Kc5 Rd8 65. Be6 Re8 66. Kd6 g4 67. hxg4 hxg4 68. Rg5 Ke3 69. Rxa5 g3 70. Bh3 Rh8 71. Bg2 Rh2 72. Bc6 Rxc2 73. Re5+ Kf4 74. Re8 g2 75. Bxg2 Rxg2 76. Kc5 Na2 77. Kb5 Rg5+ 78. Ka4 Rg2 79. Kb5 Kf3 80. Kc4 Re2 81. Rf8+ Ke3 82. Kb5 Kd3 83. Rc8 Rc2 84. Rh8 Kc3 85. Rh3+ Kb2 86. Ka4 Rg2 87. Rf3 Rd2 88. Rh3 Kc2 89. Rg3 Rd7 90. Rg2+ Kc3 91. Rg3+ Rd3 92. Rg1 Rd7 93. Rg3+ Kd4 94. Rg5 Ra7+ 95. Kb5 Kc3 96. Rg3+ Kc2 97. Rh3 Rb7+ 98. Kc6 Rb8 99. Kc5 Rc8+ 100. Kb5 Rc3 0-1

[Event "25th Abu Dhabi Master 2018"]
[Site "Abu Dhabi"]
[Date "2018.08.15"]
[Round "9"]
[White "Song, Yuxin"]
[Black "Pranavananda V"]
[Result "0-1"]
[WhiteElo "2126"]
[BlackElo "2232"]
[Annotator "NA"]
[PlyCount "94"]
[EventDate "2018.08.05"]
[EventType "swiss"]
[EventCountry "UAE"]
[SourceTitle "playchess.com"]
[Source "ChessBase"]
[SourceQuality "1"]

1. e4 e6 2. d4 d5 3. Nd2 Nc6 4. Ngf3 Nf6 5. e5 Nd7 6. c4 dxc4 7. Nxc4 Nb6 8. Nxb6 axb6 9. Bd3 Bb4+ 10. Bd2 Be7 11. Be3 Nb4 12. Bb1 Bd7 13. O-O c5 14. dxc5 bxc5 15. Qc1 Bb5 16. Rd1 Qc7 17. Nd4 Ba6 18. a3 Nd5 19. Nf5 Qxe5 20. f4 Qc7 21. Nxg7+ Kf8 22. Nh5 Be2 23. Rxd5 exd5 24. Qc3 f6 25. Ng3 Ba6 26. Nf5 Rc8 27. Bd2 Qd7 28. Qg3 Bd8 29. Nh6 Qb5 30. Bxh7 Rc7 31. Bg8 Rxh6 32. f5 Rh8 33. Qd6+ Kg7 34. Qg3+ Kf8 35. Qd6+ Ke8 36. Bxd5 Qxb2 37. Rd1 Re7 38. Ba5 Bxa5 39. Qb8+ Bd8 40. Bc6+ Kf7 41. Bd5+ Kg7 42. Qg3+ Kf8 43. Qb8 Qe5 44. Qxd8+ Re8 45. Qb6 Qxh2+ 46. Kf2 Re2+ 47. Kf3 Qxg2+ 0-1

[Event "25th Abu Dhabi Master 2018"]
[Site "Abu Dhabi"]
[Date "2018.08.15"]
[Round "9"]
[White "Ali, Nehad"]
[Black "Sarvesh Kumar A"]
[Result "0-1"]
[WhiteElo "2113"]
[BlackElo "2145"]
[Annotator "NA"]
[PlyCount "88"]
[EventDate "2018.08.05"]
[EventType "swiss"]
[EventCountry "UAE"]
[SourceTitle "playchess.com"]
[Source "ChessBase"]
[SourceQuality "1"]

1. c4 e5 2. Nc3 Nf6 3. g3 d5 4. cxd5 Nxd5 5. Bg2 Nb6 6. d3 Nc6 7. Nf3 Be7 8. O-O O-O 9. a3 a5 10. Qc2 Be6 11. b3 Nd4 12. Nxd4 exd4 13. Ne4 Bd5 14. f3 f5 15. Nd2 a4 16. b4 f4 17. g4 Be6 18. Ne4 Bb3 19. Qb2 Rc8 20. Bd2 c5 21. bxc5 Bxc5 22. Rfc1 Be7 23. Ba5 Ra8 24. Bxb6 Qxb6 25. Rc4 Rfd8 26. Rac1 Qe6 27. Rc7 b5 28. R1c6 Qe5 29. h3 Kh8 30. Rc1 b4 31. axb4 Bxb4 32. Rb7 Rab8 33. Rxb8 Rxb8 34. Kh2 Bd5 35. Qc2 a3 36. Qa4 a2 37. Bf1 h6 38. Kg2 Bc3 39. Nxc3 dxc3 40. d4 Qe3 41. Ra1 Bxf3+ 42. exf3 Rb2+ 43. Kh1 Qxf3+ 44. Kg1 Qg3+ 0-1